000 00259nam a22001097a 4500
040 _cNUST
082 _a297.7 ISH
100 _aIshtiaq Qureshi
_9108878
245 _aJannat ka Rasta
260 _aLAHORE:
_bFAZLEES BOOK SUPERMARKET,
_c2018.
942 _2ddc
_cBK
999 _c593212
_d593212